Impractical Jokers True or False - Statistics

General Stats
  • This quiz has been taken 153 times
  • The average score is 10 of 15
Answer Stats
Question Answer % Correct
Sal loves cats. False
90%
Murr is known for collapsing to the ground when he laughs hard. False
90%
In the earlier seasons of the show, the other guys would frequently crack jokes about Q looking homeless. True
90%
Q used to be a cop before doing the show. False
88%
Sal lost the first three episodes of the show. True
88%
Q does not eat sushi or peanut butter. True
78%
In the tattoo punishment, Q received a tattoo of Jaden Smith. False
76%
Murr is afraid of spiders. False
73%
Q and Joe are the only two jokers who've punished the other three in a triple punishment. True
68%
In the first ever episode of the show, Q had to hold up a customer's 20 dollar bill and stare at it for nearly 5 minutes. True
68%
The jokers are also known as The Tenderloins. True
59%
There has been an episode where all jokers lost and were all punished. True
56%
For Murr's skydiving punishment, Q actually changed his mind about it and didn't want to make Murr do it, but Joe and Sal refused. True
54%
The jokers are from Long Island, New York. False
46%
"Cranjis McBasketball" was a name in the name game challenge. False
20%
No matching quizzes found
Score Distribution
Percent of People with Each Score
Percentile by Number Answered
Your Score History
You have not taken this quiz